|
|
|
|
| LEADER |
00000cam a2200000 4500 |
| 001 |
vtls011989871 |
| 003 |
SK-MaSNL |
| 005 |
20260301190450.0 |
| 008 |
220509s2020 xo grf 000 0 slo |
| 015 |
|
|
|a SNBA2021/03
|
| 020 |
|
|
|a 9788057102632
|q (brožované)
|
| 035 |
|
|
|a urn:nbn:sk:snk-am00gelo
|
| 035 |
|
|
|a urn:nbn:sk:snk-am3j786
|
| 035 |
|
|
|a AC9EC953-59B5-4174-A8D7-EB202CD55814
|
| 040 |
|
|
|a SNK
|b slo
|c SNK
|e AACR2
|
| 041 |
0 |
|
|a slo
|
| 044 |
|
|
|a xo
|c SK
|
| 072 |
|
7 |
|a 352/354
|x Stupne miestnej, oblastnej a ústrednej správy
|2 konspekt
|
| 080 |
|
|
|a 352
|2 2011
|
| 080 |
|
|
|a 352.075.1
|2 2011
|
| 080 |
|
|
|a (035)
|2 2011
|
| 100 |
1 |
|
|a Briestenský, Ladislav,
|d 1952-
|4 aut
|9 39383
|
| 245 |
1 |
0 |
|a Efektívne zasadnutie obecného zastupiteľstva
|b aké zasadnuetie obecného zasadnutia je efektívne? : na čo slúži zasadnutie obecného zastupiteľstva? : čo je naozaj užitočné a správne pri príprave na zasadnutie obecného zastupiteľstva? : je nevyhnutné formulovať návrhy obecného zastupiteľstva pozitívne? : ako správne reagovať na ironické poznámky účastníkov rokovania obecného zastupiteľstva? : je účelné zapojiť verejnosť do rokovania obecného zastupiteľstva?
|c Ladislav Briestenský
|
| 250 |
|
|
|a Prvé vydanie
|
| 264 |
|
1 |
|a Bratislava
|b Wolters Kluwer
|c 2020
|
| 300 |
|
|
|a 222 strán
|c 21 cm
|
| 336 |
|
|
|a text
|b txt
|2 rdacontent
|
| 337 |
|
|
|a bez média
|b n
|2 rdamedia
|
| 338 |
|
|
|a zväzok
|b nc
|2 rdacarrier
|
| 500 |
|
|
|a Obsahuje biografické údaje o autorovi
|
| 504 |
|
|
|a Obsahuje bibliografiu na strane [223]
|
| 650 |
0 |
7 |
|a samospráva
|2 SNKPH
|9 4165
|
| 650 |
0 |
7 |
|a miestna správa
|2 SNKPH
|9 29496
|
| 650 |
0 |
7 |
|a obecné zastupiteľstvá
|2 SNKPH
|9 4166
|
| 650 |
0 |
7 |
|a Local government
|2 SNKPHeng
|9 275833
|
| 650 |
0 |
7 |
|a Municipal government
|2 SNKPHeng
|9 306608
|
| 655 |
|
7 |
|a príručky
|2 SNKPH
|9 74364
|
| 655 |
|
7 |
|a Handbooks, manuals, etc.
|2 SNKPHeng
|9 90964
|
| 919 |
|
|
|a 978-80-571-0263-2
|
| 958 |
|
|
|a NB
|
| 999 |
|
|
|c 867605
|d 869535
|
| 952 |
|
|
|a SNK
|b SNK
|y PREZ
|7 0
|p 17A1447310
|o snkSC 191190
|i snk2020/21811
|8 0
|0 0
|1 0
|4 0
|d 2020-12-03
|f 1
|l 0
|r 2025-10-08 00:00:00
|w 2026-02-24
|
| 952 |
|
|
|a SNK
|b SNK
|y VYP
|7 0
|p 17A1447311
|o snkSC 191190 D1
|i snk2020/21812
|8 0
|0 0
|1 0
|4 0
|d 2020-12-03
|l 0
|r 2026-02-24 05:32:04
|w 2026-02-24
|